Normal view
MARC view
Entry Topical Term
001 - CONTROL NUMBER
- control field: 17838
003 - CONTROL NUMBER IDENTIFIER
- control field: dpl
005 - DATE AND TIME OF LATEST TRANSACTION
- control field: 20100901110818.0
008 - FIXED-LENGTH DATA ELEMENTS
- fixed length control field: 100901|||a|||||| | ||| d
040 ## - CATALOGING SOURCE
- Original cataloging agency: dpl
- Transcribing agency: dpl
150 ## - HEADING--TOPICAL TERM
- Topical term or geographic name as entry element: Classical music
- General subdivision: excerpts
- Geographic subdivision: India
670 ## - SOURCE DATA FOUND
- Source citation: Work cat.: (dpl): Talat Mahmood 17837, Chand lamhe teri mahfil main /
670 ## - SOURCE DATA FOUND
- Source citation: Work cat.: (dpl): Talat Mahmood 17837, Chand lamhe teri mahfil main /
